[Event "Each position has its own answer"]
[Site "SchemingMind.com"]
[Date "2014.02.18"]
[Round "-"]
[White "chesshub"]
[Black "Ezedoke"]
[Result "0-1"]
[WhiteCountry "FRA"]
[BlackCountry "ARG"]
[WhiteElo "2450"]
[WhiteRD "73"]
[BlackElo "2574"]
[BlackRD "89"]
[GameID "348190"]

1. e4 c5 2. Nf3 Nc6 3. d4 cxd4 4. Nxd4 Nf6 5. Nc3 e5 6. Ndb5 d6 7. Bg5 a6 8. Na3 b5 9. Bxf6 gxf6 10. Nd5 f5
11. Bd3 Be6 12. O-O Bxd5 13. exd5 Ne7 14. Nxb5 Bg7 15. Nc3 e4 16. Bc4 O-O 17. Qh5 Qc7 18. Bb3 Bxc3 19. bxc3 f4 20. h4 f5
21. Qg5+ Kh8 22. Qxf4 Ng6 23. Qh6 Ne5 24. c4 Qe7 25. Rfe1 Rf6 26. Qe3 Rg8 27. Kf1 Qg7 28. Ke2 f4 29. Qxe4 f3+ 30. gxf3 Nxf3
0-1